[Event "CRO-chT2 Center 26th"]
[Site "Croatia"]
[Date "2017.04.09"]
[Round "6.51"]
[White "Slogar, Dubravko"]
[Black "Pandurevic, Miro"]
[Result "1/2-1/2"]
[WhiteElo "2275"]
[BlackElo "2263"]
[PlyCount "99"]
[EventDate "2017.03.26"]
[EventType "team-tourn"]
[EventRounds "11"]
[EventCountry "CRO"]
[SourceTitle "EXT 2019"]
[Source "ChessBase"]
[SourceDate "2018.10.10"]
[SourceVersion "1"]
[SourceVersionDate "2018.10.10"]
[SourceQuality "1"]

1. Nf3 c5 2. c3 Nf6 3. d4 e6 4. g3 b6 5. Bg2 Bb7 6. 0-0 Be7 7. Re1 0-0 8. Nbd2 cxd4 9. Nxd4 Bxg2 10. Kxg2 Nc6 11. N2f3 Nxd4 12. Nxd4 Qc7 13. Bg5 d5 14. Bxf6 Bxf6 15. Qa4 a6 16. Rad1 Rfc8 17. Nf3 b5 18. Qb3 Qc6 19. Nd4 Qb7 20. Kg1 Rab8 21. a3 h6 22. e3 a5 23. Rc1 Rc4 24. Ne2 Qc7 25. Qd1 Rc6 26. Qd3 Qb6 27. e4 Rd8 28. Nf4 Bg5 29. Rcd1 dxe4 30. Qxe4 Rxd1 31. Rxd1 Rc4 32. Qa8+ Kh7 33. Nd3 Qc7 34. Qf3 Kg8 35. Qa8+ Kh7 36. Qf3 Bf6 37. h4 Qc6 38. Qxc6 Rxc6 39. Kf1 g5 40. hxg5 hxg5 41. Ke2 Kg6 42. Nc1 b4 43. axb4 axb4 44. cxb4 Rc2+ 45. Ke3 Bxb2 46. Nd3 f5 47. Rb1 Bc3 48. f4 Rg2 49. Kf3 Rd2 50. Ke3 1/2-1/2

[Event "CRO-chT2 Center 26th"]
[Site "Croatia"]
[Date "2017.03.26"]
[Round "2.61"]
[White "Muha, Miljenko"]
[Black "Slogar, Dubravko"]
[Result "1/2-1/2"]
[WhiteElo "2261"]
[BlackElo "2275"]
[PlyCount "76"]
[EventDate "2017.03.26"]
[EventType "team-tourn"]
[EventRounds "11"]
[EventCountry "CRO"]
[SourceTitle "EXT 2019"]
[Source "ChessBase"]
[SourceDate "2018.10.10"]
[SourceVersion "1"]
[SourceVersionDate "2018.10.10"]
[SourceQuality "1"]

1. d4 d5 2. Bf4 Nf6 3. e3 e6 4. Nd2 Bd6 5. Bg3 b6 6. Ngf3 Bb7 7. Bb5+ c6 8. Bd3 0-0 9. e4 dxe4 10. Nxe4 Be7 11. Qe2 Nbd7 12. Nd6 Bxd6 13. Bxd6 Re8 14. 0-0-0 a5 15. Bg3 Qc8 16. Ne5 Ba6 17. Bxa6 Rxa6 18. Nxc6 b5 19. Ne5 Nxe5 20. Bxe5 Nd5 21. Qxb5 Rb6 22. Qa4 Rb4 23. Qxa5 Qb7 24. b3 Ra8 25. Qc5 Qa6 26. a4 Rc8 27. Qd6 Rb6 28. Qa3 Qb7 29. Rd3 Nb4 30. Rd2 f6 31. Bg3 Qe4 32. c4 Nd3+ 33. Kd1 Nb4 34. Re1 Qxg2 35. Re3 Qf1+ 36. Re1 Qg2 37. Re3 Qf1+ 38. Re1 Qg2 1/2-1/2

[Event "CRO-chT2 Center 26th"]
[Site "Croatia"]
[Date "2017.03.26"]
[Round "1.21"]
[White "Slogar, Dubravko"]
[Black "Czebe, Attila"]
[Result "1/2-1/2"]
[WhiteElo "2275"]
[BlackElo "2484"]
[PlyCount "75"]
[EventDate "2017.03.26"]
[EventType "team-tourn"]
[EventRounds "11"]
[EventCountry "CRO"]
[SourceTitle "EXT 2019"]
[Source "ChessBase"]
[SourceDate "2018.10.10"]
[SourceVersion "1"]
[SourceVersionDate "2018.10.10"]
[SourceQuality "1"]

1. d4 Nf6 2. Nf3 b6 3. g3 Bb7 4. Bg2 g6 5. c4 Bg7 6. Nc3 Ne4 7. Nxe4 Bxe4 8. 0-0 0-0 9. Bf4 Nc6 10. Rc1 Qc8 11. d5 Nd8 12. Qd2 c5 13. Bh6 Bxh6 14. Qxh6 Bxf3 15. Bxf3 Rb8 16. h4 d6 17. h5 Qf5 18. Qe3 e5 19. dxe6 Nxe6 20. hxg6 hxg6 21. Qh6 Rfe8 22. Bc6 Re7 23. e3 Qf6 24. b3 Ng7 25. Kg2 Nf5 26. Qf4 Kg7 27. Rh1 g5 28. Qf3 Qg6 29. Rce1 Re5 30. Bd7 g4 31. Qd1 Rh8 32. Bxf5 Rxf5 33. Rxh8 Kxh8 34. Rh1+ Kg7 35. Rh4 Rg5 36. Qa1+ Re5 37. Qd1 Rg5 38. Qa1+ 1/2-1/2

[Event "CRO-chT2 Center 25th"]
[Site "Croatia"]
[Date "2016.10.23"]
[Round "9.51"]
[White "Slogar, Dubravko"]
[Black "Muha, Miljenko"]
[Result "0-1"]
[WhiteElo "2317"]
[BlackElo "2276"]
[PlyCount "82"]
[EventDate "2016.03.13"]
[EventType "team-tourn"]
[EventRounds "11"]
[EventCountry "CRO"]
[SourceTitle "EXT 2019"]
[Source "ChessBase"]
[SourceDate "2018.10.10"]
[SourceVersion "1"]
[SourceVersionDate "2018.10.10"]
[SourceQuality "1"]

1. d4 Nf6 2. Nf3 g6 3. Bg5 Bg7 4. e3 0-0 5. Be2 d6 6. 0-0 Nbd7 7. c4 Ne4 8. Bh4 f5 9. Nbd2 Nxd2 10. Qxd2 h6 11. Ne1 g5 12. Bg3 e5 13. f3 Qe7 14. Nc2 Nf6 15. Rfe1 e4 16. f4 c6 17. Rad1 Be6 18. Rf1 Rad8 19. Qa5 Qf7 20. Na3 a6 21. Qb4 d5 22. b3 dxc4 23. bxc4 Rfe8 24. c5 Nd5 25. Qd2 gxf4 26. Bxf4 Nxf4 27. Rxf4 Be5 28. Rff1 Bb8 29. g3 Kh8 30. Rf2 Rg8 31. Rg2 h5 32. Qc3 Rg7 33. Bc4 Rdg8 34. Rdd2 Bd5 35. Bf1 h4 36. gxh4 f4 37. Nc4 f3 38. Rg5 Rxg5+ 39. hxg5 Rxg5+ 40. Kf2 Bxh2 41. Ke1 f2+ 0-1

[Event "CRO-chT2 Center 25th"]
[Site "Croatia"]
[Date "2016.04.10"]
[Round "3.51"]
[White "Livaic, Leon"]
[Black "Slogar, Dubravko"]
[Result "1/2-1/2"]
[WhiteElo "2380"]
[BlackElo "2317"]
[PlyCount "83"]
[EventDate "2016.03.13"]
[EventType "team-tourn"]
[EventRounds "11"]
[EventCountry "CRO"]
[SourceTitle "EXT 2019"]
[Source "ChessBase"]
[SourceDate "2018.10.10"]
[SourceVersion "1"]
[SourceVersionDate "2018.10.10"]
[SourceQuality "1"]

1. d4 d5 2. c4 e6 3. Nc3 Nf6 4. cxd5 exd5 5. Bg5 Be7 6. e3 0-0 7. Bd3 Nbd7 8. Qc2 Re8 9. Nf3 c6 10. 0-0 Nf8 11. Rae1 Be6 12. Ne5 N6d7 13. Bxe7 Qxe7 14. Nxd7 Bxd7 15. f4 Qd6 16. f5 c5 17. Qf2 cxd4 18. exd4 Rxe1 19. Rxe1 Re8 20. Rf1 Bc6 21. a3 Nd7 22. Qf4 Qxf4 23. Rxf4 Kf8 24. Kf2 Ke7 25. g4 h6 26. h4 Kd6 27. g5 hxg5 28. hxg5 Rh8 29. Kg3 Re8 30. Be2 Rh8 31. Rh4 Rxh4 32. Kxh4 a6 33. Bh5 Ke7 34. Kg3 Nf8 35. Kf4 g6 36. Bg4 gxf5 37. Bxf5 Kd6 38. Ne2 Ng6+ 39. Kg4 Ba4 40. Bxg6 fxg6 41. Kf4 Bc2 42. Ke3 1/2-1/2

[Event "CRO-chT2 Center 25th"]
[Site "Croatia"]
[Date "2016.03.13"]
[Round "1.41"]
[White "Matko, Ognjen"]
[Black "Slogar, Dubravko"]
[Result "1/2-1/2"]
[WhiteElo "2267"]
[BlackElo "2317"]
[PlyCount "117"]
[EventDate "2016.03.13"]
[EventType "team-tourn"]
[EventRounds "11"]
[EventCountry "CRO"]
[SourceTitle "EXT 2019"]
[Source "ChessBase"]
[SourceDate "2018.10.10"]
[SourceVersion "1"]
[SourceVersionDate "2018.10.10"]
[SourceQuality "1"]

1. c4 e6 2. e4 d5 3. exd5 exd5 4. d4 Nf6 5. Nc3 Be7 6. cxd5 0-0 7. Bc4 Nbd7 8. Nge2 Nb6 9. Bb3 Nbxd5 10. 0-0 Be6 11. Ng3 c6 12. Re1 Qd7 13. Nce4 Nxe4 14. Nxe4 Rad8 15. Nc5 Bxc5 16. dxc5 Nc7 17. Bg5 Qxd1 18. Bxd1 Rd7 19. a3 h6 20. Bf4 Rfd8 21. Bc2 Nd5 22. Be5 Ne7 23. Rad1 Rxd1 24. Rxd1 Rxd1+ 25. Bxd1 f6 26. Bb8 a6 27. Kf1 Kf7 28. Ke1 Bd5 29. g3 Ke6 30. Kd2 Kd7 31. Kc3 Be6 32. h4 g6 33. h5 Bf7 34. hxg6 Bxg6 35. g4 f5 36. Kd4 Ke6 37. f3 Nd5 38. Bb3 fxg4 39. fxg4 h5 40. gxh5 Bxh5 41. Bc4 Bf3 42. b4 Bg2 43. a4 Kd7 44. b5 axb5 45. axb5 Nc7 46. Bxc7 Kxc7 47. b6+ Kb8 48. Ke5 Bf3 49. Kd6 Bg2 50. Bd3 Bf3 51. Bf5 Bg2 52. Ke5 Bf3 53. Kf4 Bd5 54. Ke5 Bf3 55. Kf6 Bd5 56. Be6 Bf3 57. Ke5 Be2 58. Bf5 Bf3 59. Be4 1/2-1/2

[Event "CRO-chT2 Center"]
[Site "Croatia"]
[Date "2015.09.13"]
[Round "7.61"]
[White "Matko, Ognjen"]
[Black "Slogar, Dubravko"]
[Result "1-0"]
[WhiteElo "2305"]
[BlackElo "2324"]
[PlyCount "71"]
[EventDate "2015.03.22"]
[EventType "team-tourn"]
[EventRounds "11"]
[EventCountry "CRO"]
[SourceTitle "EXT 2016"]
[Source "ChessBase"]
[SourceDate "2015.10.08"]
[SourceVersion "1"]
[SourceVersionDate "2015.10.08"]
[SourceQuality "1"]

1. d4 d5 2. c4 e6 3. Nc3 Nf6 4. cxd5 exd5 5. Bg5 Be7 6. e3 0-0 7. Qc2 Be6 8. Bd3 Nbd7 9. Nge2 Rc8 10. 0-0 h6 11. Bh4 c5 12. Nf4 a6 13. Rac1 b5 14. Nxe6 fxe6 15. Qe2 b4 16. Na4 c4 17. Bb1 Nb6 18. Nxb6 Qxb6 19. f4 Bd6 20. Kh1 b3 21. axb3 Qxb3 22. Bc2 Qb7 23. g4 Kh8 24. g5 Ne4 25. gxh6 gxh6 26. Qh5 Qh7 27. Rg1 Rg8 28. h3 Rb8 29. Bb1 Rbe8 30. Kh2 Be7 31. Qe5+ Rg7 32. Bxe4 dxe4 33. Qxe6 Rb8 34. Bxe7 Rxe7 35. Qf6+ Rg7 36. Rxc4 1-0

[Event "CRO-chT2 Center"]
[Site "Croatia"]
[Date "2015.09.13"]
[Round "8.11"]
[White "Nemeth, Miklos"]
[Black "Slogar, Dubravko"]
[Result "1-0"]
[WhiteElo "2465"]
[BlackElo "2324"]
[PlyCount "61"]
[EventDate "2015.03.22"]
[EventType "team-tourn"]
[EventRounds "11"]
[EventCountry "CRO"]
[SourceTitle "EXT 2016"]
[Source "ChessBase"]
[SourceDate "2015.10.08"]
[SourceVersion "1"]
[SourceVersionDate "2015.10.08"]
[SourceQuality "1"]

1. e4 g6 2. d4 Bg7 3. Nc3 d6 4. g3 Nf6 5. Bg2 0-0 6. Nge2 e5 7. h3 Nc6 8. Be3 Bd7 9. 0-0 Re8 10. d5 Ne7 11. Qd2 b5 12. b4 a5 13. Rab1 axb4 14. Rxb4 c5 15. dxc6 Nxc6 16. Rxb5 Nd4 17. Rb4 Bxh3 18. Bxd4 exd4 19. Rxd4 Bxg2 20. Kxg2 Qa5 21. Rb1 h5 22. Rb5 Qa7 23. f3 Bf8 24. a4 Rac8 25. Rdb4 d5 26. Rb7 Qa8 27. Nxd5 Nxd5 28. Qxd5 Re6 29. R4b6 Rc5 30. Qb3 Qc8 31. Rxe6 1-0

[Event "CRO-chT2 Center"]
[Site "Croatia"]
[Date "2015.04.26"]
[Round "6.21"]
[White "Slogar, Dubravko"]
[Black "Martinovic, Sasa"]
[Result "1/2-1/2"]
[WhiteElo "2310"]
[BlackElo "2539"]
[PlyCount "153"]
[EventDate "2015.03.22"]
[EventType "team-tourn"]
[EventRounds "11"]
[EventCountry "CRO"]
[SourceTitle "EXT 2016"]
[Source "ChessBase"]
[SourceDate "2015.10.08"]
[SourceVersion "1"]
[SourceVersionDate "2015.10.08"]
[SourceQuality "1"]

1. Nf3 d5 2. d4 Nc6 3. g3 Bg4 4. Bg2 Qd7 5. c4 e6 6. cxd5 exd5 7. Nc3 Bb4 8. 0-0 Nge7 9. Bf4 Bxf3 10. Bxf3 Bxc3 11. bxc3 Na5 12. e4 0-0 13. exd5 Nxd5 14. Bxd5 Qxd5 15. Bxc7 b6 16. Bf4 Rac8 17. Qd3 f6 18. Rfe1 Rfe8 19. h4 Nc4 20. g4 b5 21. Qf5 Qxf5 22. gxf5 Nb6 23. Bd6 Nd5 24. Bc5 a6 25. Rxe8+ Rxe8 26. a4 Nxc3 27. axb5 axb5 28. Ra7 h5 29. Rd7 Re4 30. Ba7 b4 31. Rb7 Nd5 32. Rb5 Ne7 33. Rxb4 Nc6 34. Rb7 Nxa7 35. Rxa7 Rxd4 36. f3 Rxh4 37. Kg2 Rf4 38. Ra5 h4 39. Rb5 Kh7 40. Ra5 Kh6 41. Rb5 Kh5 42. Ra5 Rb4 43. Ra7 Rb2+ 44. Kh3 Rf2 45. Rxg7 Rxf3+ 46. Kg2 Rxf5 47. Rh7+ Kg4 48. Rh6 Rf4 49. Rh8 Ra4 50. Rg8+ Kf4 51. Rh8 Kg4 52. Rg8+ Kf4 53. Rh8 Ke3 54. Re8+ Re4 55. Rf8 Rg4+ 56. Kh3 Rf4 57. Kg2 f5 58. Ra8 Rd4 59. Re8+ Kf4 60. Kh3 Kf3 61. Rg8 Re4 62. Rf8 f4 63. Ra8 Re2 64. Ra3+ Re3 65. Ra2 Re2 66. Ra3+ Re3 67. Ra2 Re8 68. Ra3+ Ke2 69. Kg4 Rf8 70. Ra2+ Ke3 71. Ra3+ Ke2 72. Ra2+ Kd3 73. Ra3+ Kd4 74. Ra4+ Ke5 75. Ra5+ Ke6 76. Ra6+ Kd5 77. Ra5+ 1/2-1/2

[Event "Hum na Sutli op 7th"]
[Site "Hum na Sutli"]
[Date "2013.09.07"]
[Round "9"]
[White "Muskardin, Mario"]
[Black "Slogar, Dubravko"]
[Result "0-1"]
[WhiteElo "2229"]
[BlackElo "2336"]
[PlyCount "52"]
[EventDate "2013.08.30"]
[EventType "swiss"]
[EventRounds "9"]
[EventCountry "CRO"]
[SourceTitle "EXT 2015"]
[Source "ChessBase"]
[SourceDate "2014.11.20"]
[SourceVersion "1"]
[SourceVersionDate "2014.11.20"]
[SourceQuality "1"]

1. e4 g6 2. d4 Bg7 3. Nc3 d6 4. Be3 Nf6 5. f3 0-0 6. Qd2 e5 7. 0-0-0 Nc6 8. Nge2 exd4 9. Nxd4 d5 10. Nxc6 bxc6 11. exd5 cxd5 12. Nxd5 Nxd5 13. Qxd5 Rb8 14. b3 Qf6 15. Bd4 Qf4+ 16. Kb2 Be6 17. Qc5 Rfd8 18. c3 Bf8 19. Qa5 Rd5 20. Qxa7 c5 21. Be3 Qxe3 22. Rxd5 Bxd5 23. Qxb8 Qd2+ 24. Kb1 Be6 25. g4 Qd1+ 26. Kb2 Qxf3 0-1

[Event "Hum na Sutli op 7th"]
[Site "Hum na Sutli"]
[Date "2013.08.31"]
[Round "2"]
[White "Slogar, Dubravko"]
[Black "Tisljar, Stjepan"]
[Result "1-0"]
[WhiteElo "2336"]
[BlackElo "2087"]
[PlyCount "73"]
[EventDate "2013.08.30"]
[EventType "swiss"]
[EventRounds "9"]
[EventCountry "CRO"]
[SourceTitle "EXT 2015"]
[Source "ChessBase"]
[SourceDate "2014.11.20"]
[SourceVersion "1"]
[SourceVersionDate "2014.11.20"]
[SourceQuality "1"]

1. d4 Nf6 2. Nf3 e6 3. g3 d5 4. Bg2 c6 5. 0-0 Bd6 6. c4 Nbd7 7. Qc2 0-0 8. Nbd2 Re8 9. e4 dxe4 10. Nxe4 Nxe4 11. Qxe4 e5 12. Qc2 exd4 13. Nxd4 Nf6 14. Nf5 Bf8 15. Bg5 Qa5 16. Nh6+ gxh6 17. Bxf6 Bg7 18. Bxg7 Kxg7 19. Be4 f5 20. Bg2 Be6 21. a3 Rad8 22. b4 Qe5 23. Rfe1 Qd4 24. Rac1 Bc8 25. b5 c5 26. Qa4 Rxe1+ 27. Rxe1 Qd2 28. Rf1 a5 29. bxa6 bxa6 30. Qc6 Qd6 31. Re1 Kf6 32. Qf3 Be6 33. Qe3 Bxc4 34. Qxh6+ Kf7 35. Qxh7+ Kf6 36. Qh4+ Kg7 37. Qxc4 1-0

[Event "CRO-chT2 Center 22nd"]
[Site "Sisak"]
[Date "2013.04.28"]
[Round "5.2"]
[White "Slogar, Dubravko"]
[Black "Furjan, Antun"]
[Result "1-0"]
[WhiteElo "2314"]
[BlackElo "1989"]
[PlyCount "44"]
[EventDate "2013.04.14"]
[EventType "team-tourn"]
[EventRounds "11"]
[EventCountry "CRO"]
[SourceTitle "EXT 2016"]
[Source "ChessBase"]
[SourceDate "2015.10.08"]
[SourceVersion "1"]
[SourceVersionDate "2015.10.08"]
[SourceQuality "1"]

1. d4 d5 2. Nf3 Nf6 3. c4 c6 4. Nc3 Bf5 5. Qb3 Qb6 6. c5 Qc7 7. Bf4 Qc8 8. e3 e6 9. Qd1 b6 10. b4 Nbd7 11. Be2 Be7 12. 0-0 0-0 13. h3 h6 14. Qb3 Qb7 15. Rfc1 b5 16. Nxb5 Nxc5 17. bxc5 cxb5 18. Bxb5 a6 19. Ba4 Qc8 20. Ne5 Kh8 21. Nc6 Bd8 22. Bd6 Rg8 1-0

[Event "CRO-chT2 Center 22nd"]
[Site "Sisak"]
[Date "2013.04.28"]
[Round "6.6"]
[White "Srbis, Jurica"]
[Black "Slogar, Dubravko"]
[Result "0-1"]
[WhiteElo "2330"]
[BlackElo "2314"]
[PlyCount "82"]
[EventDate "2013.04.14"]
[EventType "team-tourn"]
[EventRounds "11"]
[EventCountry "CRO"]
[SourceTitle "EXT 2016"]
[Source "ChessBase"]
[SourceDate "2015.10.08"]
[SourceVersion "1"]
[SourceVersionDate "2015.10.08"]
[SourceQuality "1"]

1. d4 d5 2. Nf3 Nf6 3. g3 c5 4. Bg2 cxd4 5. 0-0 g6 6. Nxd4 Bg7 7. c4 0-0 8. Na3 Nc6 9. cxd5 Nxd5 10. Nxc6 bxc6 11. Qa4 Qc7 12. e4 Nb6 13. Qc2 Ba6 14. Rd1 Rac8 15. Bf4 Qb7 16. Rac1 Rfd8 17. b3 e6 18. h4 Bf8 19. Nb1 c5 20. Be5 c4 21. Ba1 Rxd1+ 22. Rxd1 Bg7 23. Bxg7 Kxg7 24. h5 Qe7 25. Qd2 cxb3 26. h6+ Kf8 27. axb3 Qc5 28. Bf3 Bb5 29. Qf4 Nd7 30. Bg4 Ke8 31. Nd2 g5 32. Qe3 Qxe3 33. fxe3 Ne5 34. Bh5 Ke7 35. Ra1 a6 36. Bd1 Kf6 37. b4 Kg6 38. Nb3 Rc4 39. Nd4 Rxb4 40. Rc1 Kxh6 41. Bb3 Ng4 0-1

[Event "SLO-chT1 Ost"]
[Site "Maribor"]
[Date "2012.10.20"]
[Round "8"]
[White "Martinovic, Sasa"]
[Black "Slogar, Dubravko"]
[Result "1-0"]
[WhiteElo "2517"]
[BlackElo "2327"]
[PlyCount "63"]
[EventDate "2012.10.11"]
[EventType "team-tourn"]
[EventRounds "9"]
[EventCountry "SLO"]
[SourceTitle "EXT 2022"]
[Source "ChessBase"]
[SourceDate "2021.10.06"]
[SourceVersion "1"]
[SourceVersionDate "2021.10.06"]
[SourceQuality "1"]

1. d4 d5 2. c4 e6 3. Nc3 Nf6 4. cxd5 exd5 5. Bg5 Be7 6. e3 0-0 7. Bd3 Nbd7 8. Nge2 Re8 9. 0-0 Nf8 10. b4 Be6 11. b5 N6d7 12. Bf4 Nb6 13. a4 c5 14. bxc6 bxc6 15. a5 Nc4 16. Bxc4 dxc4 17. Qa4 Qd7 18. a6 g5 19. Bg3 h5 20. Rfb1 Rec8 21. Rb7 Qd8 22. h3 Nd7 23. e4 Nb6 24. Qa5 Bf6 25. Rd1 Bg7 26. f4 h4 27. Bf2 f6 28. fxg5 fxg5 29. Be3 Bf6 30. Rf1 Bd7 31. Qc5 Be8 32. Bxg5 1-0

[Event "SLO-chT1 Ost"]
[Site "Maribor"]
[Date "2012.10.13"]
[Round "3"]
[White "Spalir, Jernej"]
[Black "Slogar, Dubravko"]
[Result "0-1"]
[WhiteElo "2231"]
[BlackElo "2327"]
[PlyCount "84"]
[EventDate "2012.10.11"]
[EventType "team-tourn"]
[EventRounds "9"]
[EventCountry "SLO"]
[SourceTitle "EXT 2022"]
[Source "ChessBase"]
[SourceDate "2021.10.06"]
[SourceVersion "1"]
[SourceVersionDate "2021.10.06"]
[SourceQuality "1"]

1. d4 d5 2. c4 e6 3. Nc3 Nf6 4. Nf3 a6 5. Bg5 Be7 6. e3 0-0 7. Bd3 Nbd7 8. c5 c6 9. b4 b6 10. Bf4 Nh5 11. 0-0 Nxf4 12. exf4 a5 13. a3 Qc7 14. Ne5 axb4 15. axb4 Rxa1 16. Qxa1 bxc5 17. bxc5 f6 18. Nxd7 Bxd7 19. g3 e5 20. Re1 e4 21. Bc2 f5 22. Rb1 Bf6 23. Ne2 Rb8 24. Bb3 Kf8 25. Kf1 Be8 26. Qc3 Rb5 27. Ra1 Qb7 28. Bc2 Rb4 29. Ra4 Rxa4 30. Bxa4 Qb1+ 31. Qe1 Qb2 32. Qd1 Ke7 33. h3 Qa3 34. Qb3 Qxb3 35. Bxb3 Bh5 36. Ba4 Kd7 37. Nc3 Kc7 38. Na2 Bxd4 39. Nb4 Bxc5 40. Bxc6 Bxb4 41. Bxd5 Kd6 42. Bb7 Bf7 0-1

[Event "Hum na Sutli op 6th"]
[Site "Hum na Sutli"]
[Date "2012.09.14"]
[Round "8"]
[White "Borsos, Bogdan"]
[Black "Slogar, Dubravko"]
[Result "0-1"]
[WhiteElo "2269"]
[BlackElo "2327"]
[PlyCount "108"]
[EventDate "2012.09.07"]
[EventType "swiss"]
[EventRounds "9"]
[EventCountry "CRO"]
[SourceTitle "CBM 150 Extra"]
[Source "ChessBase"]
[SourceDate "2012.10.19"]
[SourceVersion "1"]
[SourceVersionDate "2012.10.19"]
[SourceQuality "1"]

1. e4 e5 2. Nf3 Nc6 3. Bb5 a6 4. Ba4 d6 5. 0-0 Bd7 6. d4 Nge7 7. d5 Nb8 8. c4 Ng6 9. Nc3 Be7 10. b4 0-0 11. Be3 f5 12. Bxd7 Qxd7 13. exf5 Qxf5 14. Nd2 Nd7 15. Nde4 b6 16. Ng3 Qf7 17. Nce4 Nf4 18. a4 b5 19. axb5 axb5 20. Rxa8 Rxa8 21. Qg4 Nf6 22. Nxf6+ Qxf6 23. Bxf4 exf4 24. Nf5 bxc4 25. Qxf4 Bf8 26. g3 Ra4 27. Re1 Ra1 28. Rxa1 Qxa1+ 29. Kg2 Qe5 30. Qxe5 dxe5 31. Ne3 c3 32. Nc2 Kf7 33. Kf3 Ke7 34. Ke4 Kd6 35. Ne3 Kd7 36. Nc2 Bd6 37. Ne3 Ke7 38. b5 Bc5 39. Kd3 Bxe3 40. fxe3 Kd6 41. e4 Kc5 42. Kxc3 Kxb5 43. Kb3 Kc5 44. Kc3 g6 45. h3 h6 46. h4 h5 47. Kb3 Kd4 48. Kb4 Kxe4 49. Kc5 Kf3 50. Kc6 e4 51. Kxc7 e3 52. d6 e2 53. d7 e1Q 54. d8Q Qa5+ 0-1

[Event "CRO-chT2 Center"]
[Site "Zagreb"]
[Date "2012.03.18"]
[Round "2.31"]
[White "Nemeth, Miklos"]
[Black "Slogar, Dubravko"]
[Result "1-0"]
[WhiteElo "2452"]
[BlackElo "2318"]
[PlyCount "77"]
[EventDate "2012.03.18"]
[EventType "team-swiss"]
[EventRounds "11"]
[EventCountry "CRO"]
[SourceTitle "EXT 2014"]
[Source "ChessBase"]
[SourceDate "2013.11.20"]
[SourceVersion "1"]
[SourceVersionDate "2013.11.20"]
[SourceQuality "1"]

1. e4 e5 2. Nf3 Nc6 3. Bb5 a6 4. Ba4 d6 5. c3 Bd7 6. d4 Nge7 7. Bg5 h6 8. Be3 Ng6 9. h4 Be7 10. h5 Nh4 11. Nxh4 Bxh4 12. dxe5 dxe5 13. Qd5 Qf6 14. Nd2 0-0-0 15. Qc5 Bg5 16. Nf1 Qe7 17. Qxe7 Bxe7 18. 0-0-0 Bg5 19. f3 Ne7 20. Bb3 f5 21. exf5 Nxf5 22. Bxg5 hxg5 23. Bc2 Nd6 24. Re1 Rde8 25. Bg6 Re6 26. Ng3 Rf8 27. Re3 Rf4 28. Ne2 Rf8 29. b3 Be8 30. Bc2 Rh8 31. Ng3 Bc6 32. Rhe1 Rhe8 33. Bg6 Rf8 34. Rxe5 Rxe5 35. Rxe5 g4 36. fxg4 Rf2 37. g5 Rxg2 38. h6 gxh6 39. gxh6 1-0

[Event "CRO-chT2 Center"]
[Site "Croatia"]
[Date "2011.10.23"]
[Round "11.21"]
[White "Slogar, Dubravko"]
[Black "Machata, Martin"]
[Result "1/2-1/2"]
[WhiteElo "2322"]
[BlackElo "2221"]
[PlyCount "77"]
[EventDate "2011.03.20"]
[EventType "team-tourn"]
[EventRounds "11"]
[EventCountry "CRO"]
[SourceTitle "EXT 2014"]
[Source "ChessBase"]
[SourceDate "2013.11.20"]
[SourceVersion "1"]
[SourceVersionDate "2013.11.20"]
[SourceQuality "1"]

1. d4 d5 2. Nf3 Nc6 3. g3 Bg4 4. Bg2 e6 5. 0-0 Bd6 6. c4 Nf6 7. Nc3 0-0 8. cxd5 Nxd5 9. Bg5 Qd7 10. Rc1 h6 11. Bd2 Bxf3 12. exf3 Nxd4 13. Bxh6 Nxc3 14. bxc3 Nf5 15. Bf4 Rfd8 16. Bxd6 Qxd6 17. Qb3 b6 18. f4 Rab8 19. Qc4 Qa3 20. Rc2 c5 21. Re1 Nd6 22. Qe2 Qa4 23. Rd2 Nc4 24. Rd3 Rxd3 25. Qxd3 Qxa2 26. f5 Qd2 27. Qxd2 Nxd2 28. fxe6 fxe6 29. Rxe6 Rd8 30. Re7 Nb1 31. Bh3 Nxc3 32. Rxa7 b5 33. Rc7 c4 34. Be6+ Kf8 35. Rf7+ Ke8 36. Rxg7 Rd6 37. Bf5 Kf8 38. Rg4 Ne2+ 39. Kf1 1/2-1/2

[Event "CRO-chT2 Center"]
[Site "Croatia"]
[Date "2011.10.16"]
[Round "9.31"]
[White "Slogar, Dubravko"]
[Black "Cop, Tomislav"]
[Result "1-0"]
[WhiteElo "2322"]
[BlackElo "2268"]
[PlyCount "69"]
[EventDate "2011.03.20"]
[EventType "team-tourn"]
[EventRounds "11"]
[EventCountry "CRO"]
[SourceTitle "EXT 2014"]
[Source "ChessBase"]
[SourceDate "2013.11.20"]
[SourceVersion "1"]
[SourceVersionDate "2013.11.20"]
[SourceQuality "1"]

1. g3 g6 2. Bg2 Bg7 3. d4 c5 4. d5 d6 5. e4 Nf6 6. Ne2 Na6 7. 0-0 0-0 8. Nbc3 Nc7 9. a4 Rb8 10. h3 b6 11. Be3 a6 12. Rb1 e6 13. dxe6 fxe6 14. Bf4 e5 15. Be3 Be6 16. Nd5 Nfxd5 17. exd5 Bd7 18. Nc3 b5 19. axb5 axb5 20. Ne4 Bf5 21. Ra1 Bxe4 22. Bxe4 Qd7 23. Kg2 Ra8 24. Qd3 b4 25. c4 Rfb8 26. h4 Bf6 27. Rh1 Rxa1 28. Rxa1 Ne8 29. Ra6 Ng7 30. Bxc5 Be7 31. Ra7 Rb7 32. Ra8+ Bf8 33. Be3 Kf7 34. Bh6 Ra7 35. Qf3+ 1-0

[Event "SLO-chT1 Ost"]
[Site "Sentjur"]
[Date "2010.11.19"]
[Round "6"]
[White "Slogar, Dubravko"]
[Black "Horvath, Adam"]
[Result "1/2-1/2"]
[WhiteElo "2332"]
[BlackElo "2493"]
[PlyCount "21"]
[EventDate "2010.11.04"]
[EventType "team-tourn"]
[EventRounds "9"]
[EventCountry "SLO"]
[SourceTitle "EXT 2022"]
[Source "ChessBase"]
[SourceDate "2021.10.06"]
[SourceVersion "1"]
[SourceVersionDate "2021.10.06"]
[SourceQuality "1"]
[WhiteTeam "Zalec"]
[BlackTeam "Lendava Rokada"]
[WhiteTeamCountry "SLO"]
[BlackTeamCountry "SLO"]

1. d4 Nf6 2. Nf3 e6 3. b3 c5 4. e3 b6 5. Bd3 Bb7 6. 0-0 Be7 7. Bb2 0-0 8. Nbd2 d5 9. Ne5 Nbd7 10. f4 Nxe5 11. fxe5 1/2-1/2